| 000 | 00660nam a2200241 a 4500 | ||
|---|---|---|---|
| 005 | 20210219152954.0 | ||
| 008 | 991125n 000 0 eng u | ||
| 035 | _aUPN01000069960 | ||
| 100 | _aLanser, Shirley | ||
| 222 | _aYOUNG CHILDREN | ||
| 245 | _aCreating quality curriculum yet not buying out the store | ||
| 300 | _a4-9 | ||
| 362 | _a1991 47, no. 1 | ||
| 653 | 0 | _aCURRICULUM PREESCOLAR | |
| 653 | 0 | _aFILOSOFIA EDUCATIVA | |
| 653 | 0 | _aMATERIALES EDUCATIVOS | |
| 653 | 0 | _aNI\197OS DE PREESCOLAR | |
| 653 | 0 | _aPRACTICAS EDUCATIVAS | |
| 653 | 0 | _aROL DEL MAESTRO | |
| 700 | _aMcDonnell, Laura | ||
| 904 |
_aAC _b007771 |
||
| 905 | _aArticulo | ||
| 999 |
_c65175 _d65175 |
||